| 000 | 01481nam a2200373Ia 4500 | ||
|---|---|---|---|
| 001 | dia_6758 | ||
| 003 | CHAP | ||
| 005 | 20251021154410.0 | ||
| 008 | 220117s2017 xx 000 0 und d | ||
| 010 | _a178063 | ||
| 020 | _a978-607-12-0436-3 | ||
| 040 | _cCHAP | ||
| 082 | _a378.01397252 P47 2017 | ||
| 100 |
_aPérez Samaniego, Ma. del Carmen _990011 |
||
| 245 |
_aPerfil de egresos 2010 / _c Ma. del Carmen Pérez Samaniego, Rosa María Livera Muñoz y Eduardo Carranza Ayala |
||
| 260 |
_aMéxico : _b Universidad Autónoma Chapingo, _c2017 |
||
| 300 | _a126 p. | ||
| 440 |
_aNueva Serie de estudios especiales sobre la Universidad ; 1 _9162675 |
||
| 503 | _aD. | ||
| 504 | _aBibliografía: p. 126 | ||
| 590 | _aLB2362.M6 P47 2017 | ||
| 650 |
_aAgricultural colleges graduates _xStatistics _xMexico (State) _9162676 |
||
| 650 |
_aEducación superior _xAspectos sociales _xMéxico (Estado) _9157700 |
||
| 650 |
_aEducación superior _xMéxico (Estado) _9162677 |
||
| 650 |
_aEducation, Higher _xMexico (State) _9162678 |
||
| 650 |
_aEducation, Higher _xSocial aspects _xMexico (State) _9157702 |
||
| 650 |
_aGraduados de universidades agrícolas _xEstadísticas _xMéxico (Estado) _9162679 |
||
| 700 |
_aCarranza Ayala, Eduardo, coaut. _9139690 |
||
| 700 |
_aLivera Muñoz, Rosa María, coaut. _9139691 |
||
| 901 | _a378.01397252 P47 2017 | ||
| 902 | _aM | ||
| 905 | _a5232272017 mx mn 8223223322spa16 | ||
| 942 |
_cLIBRO _2ddc |
||
| 999 |
_c178063 _d178063 |
||